<?xml version="1.0" encoding="UTF-8"?>
<record
    xmlns:xsi="http://www.w3.org/2001/XMLSchema-instance"
    xsi:schemaLocation="http://www.loc.gov/MARC21/slim http://www.loc.gov/standards/marcxml/schema/MARC21slim.xsd"
    xmlns="http://www.loc.gov/MARC21/slim">

  <leader>00677nam  22001933  4500</leader>
  <controlfield tag="001">202051</controlfield>
  <datafield tag="090" ind1=" " ind2=" ">
    <subfield code="a">202051</subfield>
  </datafield>
  <datafield tag="100" ind1=" " ind2=" ">
    <subfield code="a">20260506d        u||y0pory50      ba</subfield>
  </datafield>
  <datafield tag="200" ind1=" " ind2=" ">
    <subfield code="a">In memoriam Ruben Andresen Leit&#xE3;o</subfield>
    <subfield code="f">organiza&#xE7;&#xE3;o Jos&#xE9; Sommer Ribeiro, ...[et al.]</subfield>
  </datafield>
  <datafield tag="210" ind1=" " ind2=" ">
    <subfield code="a">[Lisboa]</subfield>
    <subfield code="c">Imprensa Nacional - Casa da Moeda</subfield>
    <subfield code="d">imp. 1981</subfield>
  </datafield>
  <datafield tag="215" ind1=" " ind2=" ">
    <subfield code="a">3 vols.</subfield>
    <subfield code="c">il. ; brochado</subfield>
    <subfield code="d">28 cm </subfield>
  </datafield>
  <datafield tag="300" ind1=" " ind2=" ">
    <subfield code="a">O volume  3 cont&#xE9;m poemas e 25 gravuras</subfield>
  </datafield>
  <datafield tag="327" ind1=" " ind2=" ">
    <subfield code="a">1&#xBA; vol.: 328, [8] p.
2&#xBA;vol.: 281, [7] p. 
3&#xBA; vol.: 43, [64] p.
</subfield>
  </datafield>
  <datafield tag="606" ind1=" " ind2=" ">
    <subfield code="9">1250</subfield>
    <subfield code="a">Biografias</subfield>
  </datafield>
  <datafield tag="675" ind1=" " ind2=" ">
    <subfield code="a">629</subfield>
    <subfield code="v">PT</subfield>
    <subfield code="z">por</subfield>
  </datafield>
  <datafield tag="701" ind1=" " ind2=" ">
    <subfield code="9">14103</subfield>
    <subfield code="a">Ribeiro</subfield>
    <subfield code="b">Jos&#xE9; Sommer </subfield>
    <subfield code="f">1924-2006</subfield>
  </datafield>
  <datafield tag="801" ind1=" " ind2=" ">
    <subfield code="a">PT</subfield>
    <subfield code="b">BMMN</subfield>
    <subfield code="g">RPC</subfield>
  </datafield>
  <datafield tag="830" ind1=" " ind2=" ">
    <subfield code="c">Vanda</subfield>
  </datafield>
  <datafield tag="990" ind1=" " ind2=" ">
    <subfield code="c">LIVROS</subfield>
  </datafield>
  <datafield tag="995" ind1=" " ind2=" ">
    <subfield code="0">0</subfield>
    <subfield code="2">0</subfield>
    <subfield code="5">2026-05-06</subfield>
    <subfield code="9">31744</subfield>
    <subfield code="b">BMMN</subfield>
    <subfield code="f">31464</subfield>
    <subfield code="k">929 LEI|DEP (vol. I)</subfield>
    <subfield code="o">0</subfield>
    <subfield code="r">LIVROS</subfield>
    <subfield code="s">Compra</subfield>
  </datafield>
  <datafield tag="995" ind1=" " ind2=" ">
    <subfield code="0">0</subfield>
    <subfield code="2">0</subfield>
    <subfield code="5">2026-05-06</subfield>
    <subfield code="9">31745</subfield>
    <subfield code="b">BMMN</subfield>
    <subfield code="f">31465</subfield>
    <subfield code="k">929 LEI|DEP (vol. II)</subfield>
    <subfield code="o">0</subfield>
    <subfield code="r">LIVROS</subfield>
    <subfield code="s">Compra</subfield>
  </datafield>
  <datafield tag="995" ind1=" " ind2=" ">
    <subfield code="0">0</subfield>
    <subfield code="2">0</subfield>
    <subfield code="5">2026-05-06</subfield>
    <subfield code="9">31746</subfield>
    <subfield code="b">BMMN</subfield>
    <subfield code="f">31466</subfield>
    <subfield code="k">929 LEI|DEP (vol.III)</subfield>
    <subfield code="o">0</subfield>
    <subfield code="r">LIVROS</subfield>
    <subfield code="s">Compra</subfield>
  </datafield>
</record>
